[Event "11th Panam-ch (w)"]
[Site "Manzanillo MEX"]
[Date "2016.11.10"]
[Round "6.6"]
[White "Hernandez Moya, Yuleisy"]
[Black "Roca Rojas, Ana Flavia"]
[Result "1/2-1/2"]
[WhiteElo "2232"]
[BlackElo "2218"]
[EventDate "2016.11.06"]
[PlyCount "57"]

1.e4 e5 2.Nf3 Nc6 3.d4 exd4 4.Nxd4 Bb4+ 5.c3 Be7 6.Be2 Nf6 7.Nxc6 dxc6 8.
Qxd8+ Bxd8 9.f3 O-O 10.O-O Be7 11.Be3 Bd6 12.Bd4 Re8 13.Nd2 c5 14.Bxf6 
gxf6 15.Nc4 Bf4 16.g3 Bh6 17.Rfd1 Be6 18.Kf2 Bxc4 19.Bxc4 Rad8 20.a4 Bf8 
21.a5 c6 22.Ke3 Bd6 23.f4 Bc7 24.Kf3 Kf8 25.a6 b5 26.Bf1 c4 27.Bh3 Ke7 28.
Kg4 Bb6 29.Kf3 1/2-1/2

[Event "11th Panam-ch (w)"]
[Site "Manzanillo MEX"]
[Date "2016.11.10"]
[Round "6.7"]
[White "Fuentes Godoy, Lilia Ivonne"]
[Black "Llaudy Pupo, Lisandra"]
[Result "1/2-1/2"]
[WhiteElo "2099"]
[BlackElo "2277"]
[EventDate "2016.11.06"]
[PlyCount "82"]

1.d4 Nf6 2.c4 e6 3.Nf3 b6 4.a3 Bb7 5.Nc3 d5 6.cxd5 Nxd5 7.Bd2 Be7 8.Qc2 
Nd7 9.e4 Nxc3 10.Bxc3 O-O 11.Rd1 Qc8 12.Bd3 c5 13.O-O cxd4 14.Bxd4 Nc5 15.
Bxc5 Qxc5 16.Qxc5 Bxc5 17.b4 Be7 18.Ne5 Rfd8 19.f3 a5 20.bxa5 Rxa5 21.Nc4 
Bc5+ 22.Kh1 Raa8 23.Be2 Ba6 24.Rxd8+ Rxd8 25.g3 f6 26.a4 Kf8 27.Rc1 Bd4 
28.Rc2 Rc8 29.Kg2 e5 30.Kf1 Bb7 31.Bd3 Ke7 32.Na3 Rxc2 33.Bxc2 Ba6+ 34.Nb5
Kd7 35.Bd3 Bc5 36.Ke2 Bc8 37.Bc4 Bg1 38.Bd5 Ba6 39.h3 Bc5 40.Bg8 h6 41.Bd5
Bxb5+ 1/2-1/2

[Event "11th Panam-ch (w)"]
[Site "Manzanillo MEX"]
[Date "2016.11.10"]
[Round "6.8"]
[White "Eswaran, Ashritha"]
[Black "Besso, Guadalupe"]
[Result "1-0"]
[WhiteElo "2134"]
[BlackElo "1987"]
[EventDate "2016.11.06"]
[PlyCount "97"]

1.e4 d5 2.exd5 Qxd5 3.Nc3 Qd6 4.d4 Nf6 5.Nf3 c6 6.g3 g6 7.Bg2 Bg7 8.O-O 
O-O 9.Bf4 Qb4 10.Qc1 Bg4 11.a3 Qa5 12.h3 Bxf3 13.Bxf3 Nbd7 14.Ne2 Rfe8 15.
c4 e5 16.Bd2 Qc7 17.Bc3 h5 18.Qd2 Rad8 19.Rad1 e4 20.Bg2 e3 21.fxe3 Nc5 
22.d5 Nce4 23.Bxe4 Nxe4 24.Qe1 Bxc3 25.Nxc3 Nxc3 26.bxc3 cxd5 27.cxd5 Qc5 
28.Qf2 f5 29.Rd3 Rxd5 30.Qa2 Rxe3 31.Qxd5+ Qxd5 32.Rxd5 Kf7 33.Kg2 Rxc3 
34.Rd7+ Kf6 35.Rxb7 Rxa3 36.Re1 Ra2+ 37.Kf3 g5 38.Re2 g4+ 39.hxg4 hxg4+ 
40.Kf2 Ra3 41.Rbe7 a5 42.R2e6+ Kg5 43.Rg7+ Kh5 44.Rgg6 Ra2+ 45.Ke3 Ra3+ 
46.Kf4 Rf3+ 47.Ke5 Re3+ 48.Kxf5 Rf3+ 49.Ke4 1-0

[Event "11th Panam-ch (w)"]
[Site "Manzanillo MEX"]
[Date "2016.11.10"]
[Round "6.9"]
[White "Parkhurst Casas, Miriam"]
[Black "Sanchez Matias, Nuria Angelica"]
[Result "1-0"]
[WhiteElo "2013"]
[BlackElo "1749"]
[EventDate "2016.11.06"]
[PlyCount "170"]

1.e4 c5 2.Nf3 e6 3.c4 Nc6 4.Nc3 Nf6 5.d4 cxd4 6.Nxd4 Bb4 7.Nxc6 bxc6 8.Bd3
e5 9.O-O Bc5 10.Rb1 a5 11.Qe2 d6 12.Be3 Bxe3 13.Qxe3 Ng4 14.Qf3 Qh4 15.h3 
h5 16.c5 Rh6 17.cxd6 Rxd6 18.Rbd1 Rf6 19.Qg3 Qxg3 20.fxg3 Rxf1+ 21.Rxf1 
Nf6 22.Na4 Ba6 23.Bxa6 Rxa6 24.Rf5 Ke7 25.Rxe5+ Kd6 26.Rg5 Nxe4 27.Rxg7 
Ra7 28.g4 hxg4 29.Rxg4 Ke5 30.Rg8 f5 31.Re8+ Kf4 32.Rd8 Rb7 33.b3 Rg7 34.
Kh2 Ng3 35.Nc5 Rg6 36.Rd4+ Ke5 37.Rd3 f4 38.Rf3 Ne2 39.Nb7 Nd4 40.Rc3 Ke4 
41.Nc5+ Kd5 42.Nd3 Ke4 43.Ne1 Rd6 44.Rc4 Ke3 45.Nc2+ Nxc2 46.Rxc2 Rg6 47.
Rc3+ Ke4 48.h4 Kd4 49.Rf3 Ke4 50.Kh3 Rh6 51.Rc3 Kd4 52.Rc4+ Ke3 53.Rc5 Rg6
54.Rg5 Rd6 55.Rxa5 Rd1 56.Rc5 Rd2 57.Rxc6 Rxa2 58.h5 Rb2 59.Rc3+ Kd4 60.
Rf3 Ke5 61.h6 Kf6 62.Rxf4+ Kg6 63.b4 Kxh6 64.g3 Kg5 65.Rc4 Rb1 66.Rc5+ Kf6
67.Rb5 Rh1+ 68.Kg4 Rb1 69.Rb6+ Ke5 70.Kg5 Rh1 71.g4 Rg1 72.b5 Kd5 73.Rf6 
Rg2 74.b6 Rb2 75.Kg6 Rb4 76.g5 Ke5 77.Kf7 Rd4 78.Kg7 Rg4 79.g6 Rb4 80.Rc6 
Kd5 81.Rf6 Ke5 82.Rf8 Rxb6 83.Kh7 Rb1 84.g7 Rh1+ 85.Kg6 Kd5 1-0

[Event "11th Panam-ch (w)"]
[Site "Manzanillo MEX"]
[Date "2016.11.10"]
[Round "6.10"]
[White "Heredia Serrano, Carla"]
[Black "Frometa Castillo, Zirka"]
[Result "1/2-1/2"]
[WhiteElo "2103"]
[BlackElo "2123"]
[EventDate "2016.11.06"]
[PlyCount "91"]

1.e4 g6 2.d4 Bg7 3.Nc3 d6 4.Nf3 Nc6 5.h3 h6 6.Be3 e5 7.dxe5 Nxe5 8.Nxe5 
Bxe5 9.Bc4 Be6 10.Bxe6 fxe6 11.O-O Ne7 12.f4 Bxc3 13.bxc3 Qd7 14.Rb1 Qc6 
15.Qd4 Rh7 16.c4 b6 17.Rfd1 O-O-O 18.a4 a5 19.Rb5 Rg8 20.Rdb1 g5 21.fxg5 
e5 22.Qd3 hxg5 23.Rxb6 cxb6 24.Rxb6 Qc7 25.c5 dxc5 26.Qa6+ Kd8 27.Rb7 Qc6 
28.Qa8+ Nc8 29.Qxa5+ Rc7 30.Rb5 Qxe4 31.Bxc5 Rg6 32.Bf2 Qxc2 33.Rxe5 Rd6 
34.Bg3 Qc3 35.Qb5 Rcc6 36.Rxg5 Rd1+ 37.Kh2 Qc4 38.Qa5+ Nb6 39.Qe5 Re6 40.
Qh8+ Kd7 41.Qh7+ Re7 42.Qf5+ Qe6 43.Qb5+ Qc6 44.Qf5+ Qe6 45.Qb5+ Qc6 46.
Qf5+ 1/2-1/2

[Event "11th Panam-ch (w)"]
[Site "Manzanillo MEX"]
[Date "2016.11.10"]
[Round "7.1"]
[White "Arribas Robaina, Maritza"]
[Black "Cori Tello, Deysi"]
[Result "0-1"]
[WhiteElo "2334"]
[BlackElo "2399"]
[EventDate "2016.11.06"]
[PlyCount "62"]

1.e4 e6 2.d4 c5 3.d5 exd5 4.exd5 d6 5.Nf3 Nf6 6.Bb5+ Nbd7 7.O-O Be7 8.Bg5 
O-O 9.Re1 a6 10.Bxd7 Bxd7 11.Nc3 h6 12.Bh4 b5 13.h3 Bf5 14.Bg3 b4 15.Ne2 
Qd7 16.c4 Ne4 17.Bf4 Bf6 18.Qc1 Rfe8 19.Ng3 Nxg3 20.Bxg3 Rxe1+ 21.Nxe1 Re8
22.Qd2 Re4 23.Rc1 Bg5 24.f4 Bf6 25.Nf3 Qe7 26.Re1 Rxe1+ 27.Bxe1 Qe4 28.b3 
Bxh3 29.gxh3 Qxf3 30.Kh2 Bc3 31.Qf2 Qd1 0-1

[Event "11th Panam-ch (w)"]
[Site "Manzanillo MEX"]
[Date "2016.11.10"]
[Round "7.2"]
[White "Marrero Lopez, Yaniet"]
[Black "Lujan, Carolina"]
[Result "1/2-1/2"]
[WhiteElo "2249"]
[BlackElo "2386"]
[EventDate "2016.11.06"]
[PlyCount "36"]

1.e4 d6 2.d4 Nf6 3.Nc3 g6 4.Nf3 Bg7 5.Be2 c6 6.a4 O-O 7.O-O Nbd7 8.h3 Qc7 
9.Be3 b6 10.Qd2 Bb7 11.Bh6 e5 12.Bxg7 Kxg7 13.Rad1 Rad8 14.Nh2 Rfe8 15.Ng4
Nxg4 16.hxg4 Nf8 17.f4 exf4 18.Qxf4 Qe7 1/2-1/2

[Event "11th Panam-ch (w)"]
[Site "Manzanillo MEX"]
[Date "2016.11.10"]
[Round "7.3"]
[White "Zhou, Qiyu"]
[Black "Amura, Claudia"]
[Result "1/2-1/2"]
[WhiteElo "2312"]
[BlackElo "2271"]
[EventDate "2016.11.06"]
[PlyCount "122"]

1.e4 d6 2.d4 Nf6 3.Nc3 g6 4.Be3 c6 5.f3 Qb6 6.Qc1 Bg7 7.Bd3 Qa5 8.a4 Na6 
9.Qd2 b5 10.Nge2 Nb4 11.O-O Nxd3 12.axb5 Qc7 13.Qxd3 d5 14.Bf4 Qb7 15.bxc6
Qxc6 16.Nb5 O-O 17.Rxa7 dxe4 18.fxe4 Rxa7 19.Nxa7 Qxe4 20.Nxc8 Rxc8 21.
Qxe4 Nxe4 22.c3 Ra8 23.Ng3 Nf6 24.Be5 Ra2 25.Bxf6 Bxf6 26.Ne4 Bg7 27.Rb1 
f5 28.Nc5 Kf7 29.Kf2 e5 30.Ke3 Ke7 31.dxe5 Bxe5 32.h3 Kd6 33.Nd3 Bg7 34.
Kd2 Ra4 35.Re1 Bh6+ 36.Kc2 Re4 37.b4 Kd5 38.Kb3 Bg7 39.Rd1 Re3 40.b5 g5 
41.Nb4+ Kc5 42.Rd5+ Kb6 43.Nd3 g4 44.hxg4 fxg4 45.c4 h5 46.Rd6+ Kc7 47.c5 
h4 48.b6+ Kc8 49.Kc4 h3 50.gxh3 gxh3 51.c6 Re4+ 52.Kb5 Rd4 53.b7+ Kc7 54.
Re6 Rd5+ 55.Kc4 Rd4+ 56.Kb5 Rd5+ 57.Nc5 Bf8 58.Re8 Rxc5+ 59.Ka4 Rc4+ 60.
Ka5 Rc5+ 61.Ka4 Rc4+ 1/2-1/2

[Event "11th Panam-ch (w)"]
[Site "Manzanillo MEX"]
[Date "2016.11.10"]
[Round "7.4"]
[White "Nemcova, Katerina"]
[Black "Fuentes Godoy, Lilia Ivonne"]
[Result "1-0"]
[WhiteElo "2379"]
[BlackElo "2099"]
[EventDate "2016.11.06"]
[PlyCount "59"]

1.e4 c5 2.Nf3 Nc6 3.d4 cxd4 4.Nxd4 e5 5.Nb5 a6 6.Nd6+ Bxd6 7.Qxd6 Qe7 8.
Qxe7+ Ngxe7 9.Nc3 d5 10.Bd2 Be6 11.exd5 Nxd5 12.Nxd5 Bxd5 13.O-O-O O-O-O 
14.Be3 Kc7 15.f3 Be6 16.Be2 Rxd1+ 17.Rxd1 Rd8 18.Rxd8 Kxd8 19.c4 Kd7 20.
Kc2 Ne7 21.Kc3 Nf5 22.Bf2 Nd6 23.a4 f5 24.b4 f4 25.Bc5 Ne8 26.Bd3 g6 27.
Be4 Kc7 28.b5 b6 29.bxa6 bxc5 30.a7 1-0

[Event "11th Panam-ch (w)"]
[Site "Manzanillo MEX"]
[Date "2016.11.10"]
[Round "7.5"]
[White "Roca Rojas, Ana Flavia"]
[Black "Martinez, Ayelen"]
[Result "0-1"]
[WhiteElo "2218"]
[BlackElo "2238"]
[EventDate "2016.11.06"]
[PlyCount "98"]

1.e4 c5 2.Nf3 d6 3.d4 cxd4 4.Nxd4 Nf6 5.Nc3 a6 6.h3 e5 7.Nde2 h5 8.g3 Be7 
9.Bg2 Be6 10.a4 Nc6 11.Nd5 Rc8 12.Be3 Nd7 13.O-O h4 14.f4 a5 15.Nxe7 Qxe7 
16.f5 Bc4 17.b3 Bxe2 18.Qxe2 hxg3 19.Rad1 Nb4 20.Rd2 Rc3 21.Rf3 Qd8 22.
Rxg3 Qc7 23.Bf2 Rxc2 24.Rxc2 Nxc2 25.Qd2 Nb4 26.Rxg7 Kf8 27.Rg3 Nf6 28.Rc3
Nc6 29.Qg5 Nxe4 30.Qe3 Nxc3 31.Qxc3 Rg8 32.Qd2 Ne7 33.f6 Nf5 34.Kh2 Qd8 
35.Bxb7 Qxf6 36.Qxa5 Nh6 37.Qd2 Ke7 38.Qe3 Nf5 39.Qe4 Kf8 40.a5 Nd4 41.Qe3
Qd8 42.a6 Qb6 43.Qc3 Ke7 44.Qd3 Qc5 45.Qe4 Kd7 46.b4 Qxb4 47.Qd5 Ke7 48.
Qxd4 Qxb7 49.Qh4+ Ke6 0-1

[Event "11th Panam-ch (w)"]
[Site "Manzanillo MEX"]
[Date "2016.11.10"]
[Round "7.6"]
[White "Zarate Oyague, Flor de Maria"]
[Black "Eswaran, Ashritha"]
[Result "1/2-1/2"]
[WhiteElo "1945"]
[BlackElo "2134"]
[EventDate "2016.11.06"]
[PlyCount "111"]

1.d4 Nf6 2.c4 e6 3.Nc3 Bb4 4.g3 O-O 5.Bg2 d5 6.Nf3 c6 7.O-O Nbd7 8.Qd3 Qe7
9.Rd1 b6 10.cxd5 exd5 11.Nh4 Qe6 12.e4 dxe4 13.Nxe4 Nxe4 14.Qxe4 Qxe4 15.
Bxe4 Bb7 16.a3 Be7 17.Nf5 Rfe8 18.Nxe7+ Rxe7 19.Bf3 Nf6 20.Bg5 Re6 21.Re1 
Rae8 22.Rxe6 Rxe6 23.Rc1 Kf8 24.Bd2 Ke8 25.Re1 Rxe1+ 26.Bxe1 Kd7 27.Bd2 
Ba6 28.Bb4 Bc4 29.Bf8 g6 30.Bg7 Bd5 31.Bxf6 Bxf3 32.Be5 Ke6 33.Bb8 a6 34.
Ba7 b5 35.Kf1 Kd5 36.Ke1 Ke4 37.Kd2 a5 38.Bc5 a4 39.Bb6 Bg4 40.h4 Be6 41.
Bc5 Bc4 42.Bb6 f6 43.Bd8 f5 44.Bf6 f4 45.gxf4 Kxf4 46.Bg5+ Ke4 47.Be3 Kf3 
48.Ke1 Kg4 49.Bg5 Kh5 50.Kd2 h6 51.Be7 Kg4 52.Ke3 g5 53.hxg5 hxg5 54.f3+ 
Kf5 55.Bd8 Bb3 56.Be7 1/2-1/2

[Event "11th Panam-ch (w)"]
[Site "Manzanillo MEX"]
[Date "2016.11.10"]
[Round "7.7"]
[White "Nejanky, Maisa"]
[Black "Hernandez Moya, Yuleisy"]
[Result "1-0"]
[WhiteElo "2073"]
[BlackElo "2232"]
[EventDate "2016.11.06"]
[PlyCount "93"]

1.e4 c5 2.Nf3 e6 3.Nc3 Nc6 4.d4 cxd4 5.Nxd4 Qc7 6.Be3 Nf6 7.f4 Bb4 8.Nb5 
Qa5 9.e5 Nd5 10.Bd2 Nxc3 11.Bxc3 O-O 12.Qd2 f6 13.exf6 Rxf6 14.a3 Bxc3 15.
Nxc3 d5 16.g3 Bd7 17.O-O-O Be8 18.Bh3 b5 19.Na2 Qb6 20.Rhe1 Bf7 21.g4 Rh6 
22.Re3 d4 23.Rg3 a5 24.Kb1 Rd8 25.g5 Rh4 26.Nc1 e5 27.f5 e4 28.g6 hxg6 29.
fxg6 Bc4 30.Qg5 Rh6 31.b3 Bd5 32.Rf1 Qc5 33.Be6+ Kh8 34.Bxd5 d3 35.c4 bxc4
36.Qxh6+ gxh6 37.g7+ Kh7 38.g8=Q+ Rxg8 39.Bxg8+ Kh8 40.Rf7 Qg5 41.Rxg5 
hxg5 42.Bh7 d2 43.Kc2 e3 44.bxc4 Ne5 45.Re7 Nxc4 46.Bd3 Nb2 47.Be2 1-0

[Event "11th Panam-ch (w)"]
[Site "Manzanillo MEX"]
[Date "2016.11.10"]
[Round "7.8"]
[White "Llaudy Pupo, Lisandra"]
[Black "Parkhurst Casas, Miriam"]
[Result "1-0"]
[WhiteElo "2277"]
[BlackElo "2013"]
[EventDate "2016.11.06"]
[PlyCount "87"]

1.e4 e5 2.Nf3 Nc6 3.Bc4 Nf6 4.d3 Be7 5.O-O O-O 6.Re1 d6 7.a4 Bg4 8.h3 Bh5 
9.c3 h6 10.a5 a6 11.Nbd2 Nh7 12.Nf1 Ng5 13.Bxg5 Bxg5 14.Ng3 Bg6 15.b4 Kh8 
16.Qb3 Ne7 17.Nxg5 hxg5 18.b5 f5 19.exf5 Nxf5 20.Nxf5 Bxf5 21.Bd5 Rb8 22.
bxa6 bxa6 23.Qd1 Qf6 24.Re3 Bg6 25.Rf3 Qe7 26.Bc4 c6 27.Rxf8+ Rxf8 28.d4 
e4 29.Bxa6 Qf7 30.Qd2 Qf5 31.Bf1 g4 32.hxg4 Qxg4 33.a6 Qe6 34.a7 Ra8 35.
Qb2 Qe8 36.Qb7 e3 37.Re1 exf2+ 38.Kxf2 Qf7+ 39.Qxf7 Bxf7 40.Re7 Kg8 41.Rb7
Be8 42.Rb8 Rxa7 43.Rxe8+ Kf7 44.Rc8 1-0

[Event "11th Panam-ch (w)"]
[Site "Manzanillo MEX"]
[Date "2016.11.10"]
[Round "7.9"]
[White "Besso, Guadalupe"]
[Black "Frometa Castillo, Zirka"]
[Result "0-1"]
[WhiteElo "1987"]
[BlackElo "2123"]
[EventDate "2016.11.06"]
[PlyCount "80"]

1.d4 d5 2.c4 e6 3.Nc3 f5 4.g3 Nf6 5.Bg2 c6 6.Nh3 dxc4 7.O-O Bb4 8.a4 Bxc3 
9.bxc3 O-O 10.a5 Nd5 11.Bb2 b5 12.axb6 Qxb6 13.Qd2 a5 14.Rfb1 Qc7 15.e4 
fxe4 16.Bxe4 h6 17.Ba3 Rf7 18.Bg2 Nd7 19.Re1 N7f6 20.Qe2 Nxc3 21.Qxc4 Nfd5
22.Qd3 Ba6 23.Qd2 Rf6 24.Rac1 Nb5 25.Bc5 a4 26.Nf4 Nxf4 27.gxf4 a3 28.d5 
exd5 29.Bxd5+ cxd5 30.Qxd5+ Kh7 31.f3 Rd8 32.Qb3 Qxf4 33.Bf2 Rg6+ 34.Bg3 
Rxg3+ 35.hxg3 Qxg3+ 36.Kh1 Qh3+ 37.Kg1 Qg3+ 38.Kh1 Qh4+ 39.Kg1 Qg5+ 40.Kh1
Rd2 0-1

[Event "11th Panam-ch (w)"]
[Site "Manzanillo MEX"]
[Date "2016.11.10"]
[Round "7.10"]
[White "Sanchez Matias, Nuria Angelica"]
[Black "Heredia Serrano, Carla"]
[Result "0-1"]
[WhiteElo "1749"]
[BlackElo "2103"]
[EventDate "2016.11.06"]
[PlyCount "116"]

1.e4 c5 2.Nf3 a6 3.c3 e6 4.d4 d5 5.exd5 Qxd5 6.Be3 cxd4 7.Bxd4 Nc6 8.Be3 
Nf6 9.c4 Qxd1+ 10.Kxd1 e5 11.Nc3 Bf5 12.Nh4 O-O-O+ 13.Kc1 Be6 14.h3 Bb4 
15.a3 Bxc3 16.bxc3 Na5 17.Kc2 Bxc4 18.Rb1 Bxf1 19.Rhxf1 Nc4 20.Bc1 Nd5 21.
g3 Rd7 22.Rb3 Rhd8 23.Nf3 f6 24.Re1 Rc7 25.a4 Na5 26.Ra3 Nb4+ 27.Kb1 Nd3 
28.Re2 Nxc1 29.Kxc1 Rd3 30.Nd2 Rdxc3+ 31.Rxc3 Rxc3+ 32.Kb2 Rd3 33.Kc2 Rd4 
34.Re4 Nc6 35.f3 a5 36.Rxd4 Nxd4+ 37.Kd3 Kc7 38.Ke4 Ne2 39.f4 Nxg3+ 40.Kf3
exf4 41.Nc4 b6 42.Kxf4 Ne2+ 43.Kf5 Nc3 44.Nb2 Kd6 45.h4 Kd5 46.h5 Ne4 47.
Nd3 Nc5 48.Nf4+ Kd6 49.Ne2 Nxa4 50.Nd4 Nc5 51.Nb5+ Kc6 52.Na7+ Kd5 53.Nb5 
a4 54.Nc7+ Kc4 55.Ne8 g6+ 56.hxg6 hxg6+ 57.Kxg6 a3 58.Nd6+ Kb4 0-1

[Event "11th Panam-ch (w)"]
[Site "Manzanillo MEX"]
[Date "2016.11.11"]
[Round "8.1"]
[White "Cori Tello, Deysi"]
[Black "Nemcova, Katerina"]
[Result "1/2-1/2"]
[WhiteElo "2399"]
[BlackElo "2379"]
[EventDate "2016.11.06"]
[PlyCount "31"]

1.d4 Nf6 2.Nf3 e6 3.e3 c5 4.Bd3 d5 5.b3 Nc6 6.O-O Bd6 7.Bb2 b6 8.Nbd2 O-O 
9.a3 Bb7 10.Qe2 Rc8 11.Rfd1 cxd4 12.exd4 Nh5 13.g3 Nf6 14.h4 Ne7 15.Ne5 
Nf5 16.Re1 1/2-1/2

[Event "11th Panam-ch (w)"]
[Site "Manzanillo MEX"]
[Date "2016.11.11"]
[Round "8.2"]
[White "Lujan, Carolina"]
[Black "Amura, Claudia"]
[Result "1/2-1/2"]
[WhiteElo "2386"]
[BlackElo "2271"]
[EventDate "2016.11.06"]
[PlyCount "26"]

1.e4 Nf6 2.e5 Nd5 3.d4 d6 4.Nf3 dxe5 5.Nxe5 c6 6.Bc4 Nd7 7.O-O Nxe5 8.dxe5
Bf5 9.Qe2 e6 10.Bb3 Bc5 11.c4 Nb4 12.Rd1 Qh4 13.Be3 Bxe3 1/2-1/2

[Event "11th Panam-ch (w)"]
[Site "Manzanillo MEX"]
[Date "2016.11.11"]
[Round "8.3"]
[White "Zhou, Qiyu"]
[Black "Marrero Lopez, Yaniet"]
[Result "1/2-1/2"]
[WhiteElo "2312"]
[BlackElo "2249"]
[EventDate "2016.11.06"]
[PlyCount "186"]

1.e4 e5 2.Nf3 Nc6 3.Bb5 a6 4.Ba4 Nf6 5.d3 d6 6.c3 g6 7.O-O Bg7 8.Re1 O-O 
9.Nbd2 Bd7 10.Nf1 Qe8 11.h3 Nd4 12.Bxd7 Nxf3+ 13.Qxf3 Nxd7 14.Nh2 c6 15.
Ng4 Qe6 16.Be3 f5 17.Nh2 Rae8 18.Qe2 d5 19.f3 Nf6 20.Qc2 Rf7 21.Rad1 dxe4 
22.dxe4 f4 23.Bb6 Qxa2 24.c4 Nd7 25.Ra1 Qxa1 26.Rxa1 Nxb6 27.Qb3 Nc8 28.c5
Na7 29.Rd1 Kf8 30.Nf1 Nb5 31.Nd2 Rd7 32.Nc4 Red8 33.Rxd7 Rxd7 34.Nd6 Nxd6 
35.cxd6 Rxd6 36.Qxb7 Bf6 37.Qxh7 Bg7 38.Qh4 Rd2 39.b4 Rd1+ 40.Kf2 Rd4 41.
Qg4 Kf7 42.Qc8 Rxb4 43.Qxc6 Rb2+ 44.Kg1 Bf6 45.Qxa6 Bh4 46.Qa7+ Kg8 47.Qa1
Bf2+ 48.Kf1 Bd4 49.Qe1 Kg7 50.Qh4 Rb1+ 51.Ke2 Rb2+ 52.Kd3 Rxg2 53.Kc4 Rb2 
54.Qe7+ Kg8 55.Qe8+ Kg7 56.Kd5 Rb6 57.Qe7+ Kg8 58.Qe8+ Kg7 59.h4 Rf6 60.
Qe7+ Rf7 61.Qg5 Rf6 62.Qg4 Rb6 63.Qd7+ Kf8 64.Qh7 Rf6 65.Qh8+ Kf7 66.Qh7+ 
Kf8 67.Qc7 Rb6 68.Qd7 Rf6 69.Qd8+ Kf7 70.Qc7+ Kf8 71.Qb8+ Kf7 72.Qh8 Rb6 
73.Qh7+ Kf8 74.Qh6+ Kf7 75.Qg5 Rf6 76.Qh6 Rb6 77.Qh8 Rf6 78.Qd8 Rb6 79.
Qd7+ Kf8 80.Qh7 Rf6 81.h5 gxh5 82.Qh8+ Kf7 83.Qxh5+ Kg7 84.Qg4+ Kf7 85.
Qd7+ Kf8 86.Kc4 Rb6 87.Qh7 Rf6 88.Kd3 Rb6 89.Kc4 Rf6 90.Qh8+ Kf7 91.Qh7+ 
Kf8 92.Qh8+ Kf7 93.Qh7+ Kf8 1/2-1/2

[Event "11th Panam-ch (w)"]
[Site "Manzanillo MEX"]
[Date "2016.11.11"]
[Round "8.4"]
[White "Eswaran, Ashritha"]
[Black "Martinez, Ayelen"]
[Result "1/2-1/2"]
[WhiteElo "2134"]
[BlackElo "2238"]
[EventDate "2016.11.06"]
[PlyCount "116"]

1.e4 c5 2.Nf3 d6 3.d4 cxd4 4.Nxd4 Nf6 5.Nc3 a6 6.Be3 e5 7.Nf3 h6 8.Bc4 Be6
9.Bxe6 fxe6 10.Nh4 Kf7 11.O-O Nbd7 12.g3 g5 13.Ng2 Rg8 14.Kh1 Kg7 15.f4 
gxf4 16.gxf4 Kh7 17.f5 Qe7 18.Qf3 Rg4 19.h3 Rg8 20.fxe6 Qxe6 21.Nh4 Nh5 
22.Kh2 Rg3 23.Qf7+ Qxf7 24.Rxf7+ Rg7 25.Raf1 Nf4 26.Rxg7+ Bxg7 27.Nf5 Bf6 
28.Nxd6 b5 29.Nd5 Bg5 30.Bxf4 exf4 31.h4 Ne5 32.hxg5 hxg5 33.Nxf4 gxf4 34.
Rxf4 Rd8 35.Nf7 Nxf7 36.Rxf7+ Kg6 37.Rf2 Rd4 38.Re2 Kf6 39.e5+ Ke6 40.Kg3 
a5 41.Kf3 b4 42.Rg2 Rc4 43.b3 Rh4 44.Ke3 Kd5 45.e6 Re4+ 46.Kd2 Rd4+ 47.Kc1
Kxe6 48.Rg5 Rd5 49.Rxd5 Kxd5 50.Kd2 Kd4 51.a3 bxa3 52.c3+ Ke4 53.Kc2 a2 
54.Kb2 Kd3 55.c4 Kd4 56.Kxa2 a4 57.Ka3 axb3 58.Kxb3 Kc5 1/2-1/2

[Event "11th Panam-ch (w)"]
[Site "Manzanillo MEX"]
[Date "2016.11.11"]
[Round "8.5"]
[White "Arribas Robaina, Maritza"]
[Black "Llaudy Pupo, Lisandra"]
[Result "1-0"]
[WhiteElo "2334"]
[BlackElo "2277"]
[EventDate "2016.11.06"]
[PlyCount "63"]

1.e4 c5 2.Nf3 a6 3.c3 d6 4.d4 Nd7 5.Bd3 e5 6.dxe5 dxe5 7.Bc4 Qe7 8.O-O h6 
9.a4 b6 10.Bd5 Ra7 11.Na3 Qf6 12.Nc4 g6 13.Be3 Be7 14.b4 Rc7 15.Qd2 Kf8 
16.Nfxe5 Nxe5 17.Nxe5 Qxe5 18.Bf4 Bg5 19.Bxe5 Bxd2 20.Bxc7 Bxc3 21.Rac1 
cxb4 22.Bxb6 Bd7 23.Bb3 Nf6 24.Rfd1 Be6 25.Bxe6 fxe6 26.Bd4 Kf7 27.Bxc3 
bxc3 28.Rxc3 Rb8 29.Rc7+ Kf8 30.f3 g5 31.Rdc1 Rb4 32.Ra7 1-0

[Event "11th Panam-ch (w)"]
[Site "Manzanillo MEX"]
[Date "2016.11.11"]
[Round "8.6"]
[White "Zarate Oyague, Flor de Maria"]
[Black "Nejanky, Maisa"]
[Result "1/2-1/2"]
[WhiteElo "1945"]
[BlackElo "2073"]
[EventDate "2016.11.06"]
[PlyCount "80"]

1.d4 Nf6 2.c4 e6 3.Nc3 Bb4 4.g3 O-O 5.Bg2 d5 6.Nf3 Ne4 7.Qb3 Bxc3+ 8.bxc3 
b6 9.O-O Ba6 10.cxd5 exd5 11.Ne5 Nf6 12.Ba3 Re8 13.Rfe1 c6 14.e4 Bb7 15.
Rad1 Na6 16.Bc1 h6 17.Bf4 Nc7 18.a4 Ne6 19.exd5 cxd5 20.Bd2 Re7 21.Qb5 Rc8
22.Qd3 Ne4 23.Bh3 Qe8 24.f3 Nd6 25.f4 Ne4 26.f5 N6c5 27.dxc5 Rxe5 28.f6 
Rxc5 29.fxg7 Qxa4 30.Ra1 Qe8 31.Rxa7 Nxd2 32.Rxe5 Qxe5 33.Qxd2 Rc7 34.Qxh6
Qxg7 35.Qxb6 f5 36.Bxf5 Qxc3 37.Rxb7 Rxb7 38.Qxb7 Qe1+ 39.Kg2 Qe2+ 40.Kh3 
Qh5+ 1/2-1/2

[Event "11th Panam-ch (w)"]
[Site "Manzanillo MEX"]
[Date "2016.11.11"]
[Round "8.7"]
[White "Frometa Castillo, Zirka"]
[Black "Hernandez Moya, Yuleisy"]
[Result "0-1"]
[WhiteElo "2123"]
[BlackElo "2232"]
[EventDate "2016.11.06"]
[PlyCount "59"]

1.d4 f5 2.Bf4 Nf6 3.e3 g6 4.h3 d6 5.Nf3 Bg7 6.Nbd2 Nc6 7.c3 e6 8.Qc2 Qe7 
9.O-O-O Bd7 10.a3 e5 11.dxe5 Nxe5 12.Nxe5 dxe5 13.Bh2 O-O-O 14.Nc4 Ne4 15.
f3 Nc5 16.b3 e4 17.f4 Be6 18.Be2 Nd3+ 19.Bxd3 exd3 20.Rxd3 Bxc4 21.Rxd8+ 
Rxd8 22.bxc4 Qxe3+ 23.Kb1 Rd2 24.Qb3 Qd3+ 25.Kc1 Bxc3 26.g4 Bb2+ 27.Qxb2 
Rxb2 28.Kxb2 Qe2+ 29.Kc3 Qf3+ 30.Kd4 0-1

[Event "11th Panam-ch (w)"]
[Site "Manzanillo MEX"]
[Date "2016.11.11"]
[Round "8.8"]
[White "Fuentes Godoy, Lilia Ivonne"]
[Black "Roca Rojas, Ana Flavia"]
[Result "1/2-1/2"]
[WhiteElo "2099"]
[BlackElo "2218"]
[EventDate "2016.11.06"]
[PlyCount "54"]

1.d4 Nf6 2.c4 c5 3.d5 b5 4.cxb5 a6 5.bxa6 g6 6.Nc3 Bg7 7.e4 O-O 8.e5 Ne8 
9.f4 d6 10.Nf3 Nd7 11.Bb5 Nc7 12.Bc6 Rxa6 13.Bxd7 Bxd7 14.O-O Qa8 15.Re1 
Nb5 16.a3 Nxc3 17.bxc3 Bb5 18.Ra2 Ra4 19.Rb2 Ra5 20.Re4 Ba4 21.Qd3 Bd7 22.
Re1 Bf5 23.Qd2 Rxa3 24.Nh4 Bc8 25.Rc2 Ra4 26.c4 Qa5 27.Qe2 Bg4 1/2-1/2

[Event "11th Panam-ch (w)"]
[Site "Manzanillo MEX"]
[Date "2016.11.11"]
[Round "8.9"]
[White "Parkhurst Casas, Miriam"]
[Black "Heredia Serrano, Carla"]
[Result "1-0"]
[WhiteElo "2013"]
[BlackElo "2103"]
[EventDate "2016.11.06"]
[PlyCount "171"]

1.e4 e6 2.d4 d5 3.e5 c5 4.c3 Nc6 5.Nf3 Bd7 6.Be2 Qb6 7.a3 c4 8.Nbd2 Na5 9.
O-O Ne7 10.Re1 Qc7 11.Rb1 Nc8 12.Bf1 Nb6 13.Ng5 Ba4 14.Qf3 Bc2 15.Ra1 h6 
16.Nh3 O-O-O 17.Be2 g5 18.Bd1 Bf5 19.Qe3 Kb8 20.g4 Bg6 21.b4 cxb3 22.Nxb3 
Nxb3 23.Bxb3 h5 24.f3 Be7 25.Nf2 hxg4 26.fxg4 f5 27.h3 fxg4 28.hxg4 Rh4 
29.Qg3 Rdh8 30.a4 a6 31.Ba3 Bxa3 32.Rxa3 a5 33.Bd1 Nc4 34.Ra2 Qh7 35.Bf3 
Qf7 36.Bg2 Qf4 37.Qf3 Qh2+ 38.Kf1 R4h7 39.Qf6 Bf7 40.Nd3 Qg3 41.Qf3 Qxf3+ 
42.Bxf3 b6 43.Bg2 Bg6 44.Nf2 Rf8 45.Kg1 Rh4 46.Ree2 Kc7 47.Re1 Rf4 48.Ree2
Rf8 49.Re1 Kc6 50.Ree2 Rf7 51.Re1 b5 52.axb5+ Kxb5 53.Rea1 Kb6 54.Bf1 Ra7 
55.Bxc4 dxc4 56.Rb2+ Kc7 57.Ra4 Bd3 58.Rb5 Rh8 59.Raxa5 Rxa5 60.Rxa5 Be2 
61.Ra7+ Kc6 62.Ra6+ Kb5 63.Rxe6 Rh4 64.Rg6 Bxg4 65.Rxg5 Be6 66.Kf1 Ka4 67.
Rg6 Bd5 68.Rb6 Ka5 69.Rd6 Bf3 70.e6 Rh8 71.e7 Re8 72.Re6 Kb5 73.Ne4 Bxe4 
74.Rxe4 Kc6 75.Kf2 Kb5 76.Ke3 Ka4 77.d5 Kb5 78.Kd4 Kb6 79.Kxc4 Kc7 80.Kc5 
Kd7 81.d6 Rc8+ 82.Kd5 Ke8 83.Rf4 Kd7 84.Rf8 Rxf8 85.exf8=N+ Ke8 86.Ke6 1-0

[Event "11th Panam-ch (w)"]
[Site "Manzanillo MEX"]
[Date "2016.11.11"]
[Round "8.10"]
[White "Sanchez Matias, Nuria Angelica"]
[Black "Besso, Guadalupe"]
[Result "0-1"]
[WhiteElo "1749"]
[BlackElo "1987"]
[EventDate "2016.11.06"]
[PlyCount "50"]

1.e4 c5 2.Nf3 d6 3.d4 cxd4 4.Nxd4 Nf6 5.Nc3 g6 6.f3 Bg7 7.Be3 O-O 8.Qd2 
Nc6 9.O-O-O d5 10.Kb1 Nxd4 11.e5 Nf5 12.exf6 Bxf6 13.Nxd5 Qxd5 14.Qxd5 
Nxe3 15.Qd3 Nxd1 16.Qxd1 Be6 17.Bd3 Rfd8 18.Qe2 Rac8 19.g4 Rd6 20.h4 Rc5 
21.f4 Rd4 22.g5 Bg7 23.Rf1 Rb4 24.b3 a5 25.h5 a4 0-1

[Event "11th Panam-ch (w)"]
[Site "Manzanillo MEX"]
[Date "2016.11.12"]
[Round "9.1"]
[White "Martinez, Ayelen"]
[Black "Cori Tello, Deysi"]
[Result "1/2-1/2"]
[WhiteElo "2238"]
[BlackElo "2399"]
[EventDate "2016.11.06"]
[PlyCount "33"]

1.e4 e5 2.Nf3 Nf6 3.Nxe5 d6 4.Nf3 Nxe4 5.Nc3 Nxc3 6.dxc3 Be7 7.Be3 Nd7 8.
Qd2 Nf6 9.h3 c6 10.O-O-O O-O 11.Bd3 d5 12.g4 Qa5 13.Kb1 Ne4 14.Bxe4 dxe4 
15.Nd4 Re8 16.Rdg1 Bf8 17.h4 1/2-1/2

[Event "11th Panam-ch (w)"]
[Site "Manzanillo MEX"]
[Date "2016.11.12"]
[Round "9.3"]
[White "Nemcova, Katerina"]
[Black "Zhou, Qiyu"]
[Result "1-0"]
[WhiteElo "2379"]
[BlackElo "2312"]
[EventDate "2016.11.06"]
[PlyCount "67"]

1.e4 c5 2.Nf3 Nc6 3.d4 cxd4 4.Nxd4 Nf6 5.Nc3 d6 6.Bc4 e6 7.Be3 a6 8.Qe2 
Qc7 9.O-O-O Na5 10.Bd3 Be7 11.g4 b5 12.g5 Nd7 13.f4 b4 14.Nb1 Nc5 15.Nd2 
Nxd3+ 16.Qxd3 Bb7 17.Rhe1 Rc8 18.f5 e5 19.f6 exd4 20.Bxd4 O-O 21.fxe7 Qxe7
22.h4 Nc6 23.Nc4 a5 24.Nb6 Rcd8 25.Nd5 Qe6 26.Bf6 Ne5 27.Qe2 Rc8 28.Ne7+ 
Kh8 29.Rxd6 Qxa2 30.Bxe5 Rcd8 31.Qd3 Rxd6 32.Qxd6 Ra8 33.Bxg7+ Kxg7 34.
Qh6+ 1-0